Statistics for WWE Intercontinental Title History

Click here to take the quiz!

General Stats

  • This quiz has been taken 1,127 times
    (728 since last reset)
  • The average score is 107 of 159

Answer Stats

Hint Answer % Correct
20121The Miz
92%
19991Chris Jericho
91%
19991Edge
89%
20011Kane
88%
19921Shawn Michaels
87%
19961Triple H
86%
20151Dean Ambrose
85%
20011Christian
84%
19911Bret "The Hitman" Hart
83%
19971Owen Hart
83%
20151Kevin Owens
82%
20011Jeff Hardy
82%
19971The Rock
81%
20031Randy Orton
80%
20101Dolph Ziggler
80%
19971Stone Cold Steve Austin
79%
20051Ric Flair
77%
19881The Ultimate Warrior
77%
20171Roman Reigns
77%
20091Rey Mysterio
76%
20121Big Show
76%
20001Kurt Angle
75%
19861The Macho Man Randy Savage
75%
20001Chris Benoit
73%
20081Kofi Kingston
71%
20001Eddie Guerrero
70%
20091CM Punk
70%
19991Chyna
70%
20021Rob Van Dam
69%
20151Daniel Bryan
68%
19931Razor Ramon
67%
19941Diesel
66%
19791Pat Patterson
65%
20111Cody Rhodes
65%
20111Wade Barrett
64%
19961Goldust
62%
19951Jeff Jarrett
61%
20091JBL
61%
19871The Honky Tonk Man
60%
19871Ricky "The Dragon" Steamboat
59%
19901Mr. Perfect
58%
20131Big E
57%
20001Billy Gunn
56%
19921Rowdy Roddy Piper
56%
19921The British Bulldog Davey Boy Smith
55%
20071Santino Marella
55%
20031Booker T
54%
20061John Morrison
53%
19991Road Dogg
52%
20071Umaga
52%
20161Zack Ryder
52%
20041Shelton Benjamin
51%
20021William Regal
51%
20011Test
51%
19891Rick Rude
49%
19841Tito Santana
47%
20151Ryback
47%
19991D'Lo Brown
47%
20011Albert
45%
20141Luke Harper
45%
19801Pedro Morales
43%
20051Carlito
43%
19981Ken Shamrock
43%
20001Rikishi
43%
19931Marty Jannetty
41%
19961Ahmed Johnson
40%
20111Ezekiel Jackson
40%
19811Don Muraco
39%
20131Curtis Axel
39%
20091Drew McIntyre
39%
19991Val Venis
39%
19841Greg "The Hammer" Valentine
37%
19961Marc Mero
37%
19921The Mountie
35%
19901The Texas Tornado
35%
19951Dean Douglas
34%
19801Ken Patera
33%
19991The Godfather
32%
20011Lance Storm
32%

Score Distribution

Percentile by Number Answered

Percent of People with Each Score

Your Score History

You have not taken this quiz since the last reset